| 000 | 00544nam a22001577a 4500 | ||
|---|---|---|---|
| 999 |
_c527869 _d527869 |
||
| 082 | _a550.9 | ||
| 100 | _aKhan, Shaheen Sher | ||
| 245 |
_aFlash Flood Hazard Assessment Of Swat River Catchment Using Remote Sensing And Gis Techniques / _cShaheen sher Khan. |
||
| 260 |
_aIslamabad: _bSC & EE - NUST, _c2015. |
||
| 300 |
_a70 p.: ill.; _c30cm. |
||
| 942 |
_2ddc _cTHE |
||
| 650 |
_aMS (RS & GIS) Thesis. _919359 |
||
| 700 |
_aDr. Muhammad Umar Khan Khattak _919360 |
||